000 00878nam a22002057a 4500
001 BD-DhSAU 1086
003 BD-DhSAU
005 20150112002729.0
008 150112b1985 a||||r|||| 000 0 d
040 _aBD-DhSAU
082 _222
_a৬৩১.৫৩১৮
_bধানচা
110 _aবাংলাদেশ ধান গবেষণা ইনস্টিটিউট।
245 _aধান চাষে কৃষকের প্রাথমিক জ্ঞান /
260 _aঢাকা :
_bবাংলাদেশ ধান গবেষণা ইনস্টিটিউট ;
_c১৯৮৫।
300 _a২২৫ পৃ. :
_bচিত্র ;
_c২১ সেমি।
590 _ajoy
650 _aকৃষিকার্য।
650 _aকৃষক।
_xধান চাষ।
700 _aভারগারা, বেনিটো এস।
942 _2ddc
_cBOOK
999 _c1086
_d1086